000 00483cam a2200193 4500
001 D1825
008 090401t1985 xxu||||| |||| 00| 0 eng d
035 _a(Sirsi) u66057
041 _aeng
050 _a692.5
110 _aBuilding Maintenance Cost Information Service
_91702
245 _aBuilding maintenance price book 1986
250 _a6th
260 _aKingston upon Thames
_bBMCIS
_c1985
300 _a199p. 21cm
350 _a14.5
942 _n0
948 _c04/03/1997
999 _c94814
_d94814